[Event "Europa tch femenino 2005"]
[Site "Gotebörg SWE"]
[Date "2005.08.06"]
[Round "8.9"]
[White "Lematschko, Tatjana"]
[Black "Madl, Ildiko"]
[Result "1/2-1/2"]
[WhiteElo "2205"]
[BlackElo "2382"]
[PlyCount "56"]
[EventDate "2005.07.30"]
[EventType "team"]
[EventRounds "9"]
[EventCountry "SWE"]
[Source "lmi"]
[SourceDate "2005.08.07"]

1. d4 d5 2. c4 c6 3. e3 Nf6 4. Nf3 Bf5 5. Nc3 e6 6. Nh4 Bg6 7. Nxg6 hxg6 8. Qc2
Qc7 9. g3 Nbd7 10. cxd5 exd5 11. Bd2 Be7 12. Bg2 Nb6 13. Ne2 Nc4 14. Bb4 a5 15.
Bxe7 Qxe7 16. Qc3 Ne4 17. Bxe4 Qxe4 18. O-O-O g5 19. h4 O-O-O 20. b3 Na3 21.
Kb2 Nb5 22. Qxa5 gxh4 23. gxh4 Rxh4 24. Ng3 Qg4 25. Qa8+ Kc7 26. Qa5+ Kc8 27.
Qa8+ Kc7 28. Qa5+ Kc8 1/2-1/2

[Event "Europa tch femenino 2005"]
[Site "Gotebörg SWE"]
[Date "2005.08.06"]
[Round "8.9"]
[White "Lakos, Nikoletta"]
[Black "Svendsen, Hannelore"]
[Result "1-0"]
[WhiteElo "2313"]
[BlackElo "1775"]
[PlyCount "79"]
[EventDate "2005.07.30"]
[EventType "team"]
[EventRounds "9"]
[EventCountry "SWE"]
[Source "lmi"]
[SourceDate "2005.08.07"]

1. e4 c6 2. d4 d5 3. e5 Bf5 4. Nf3 e6 5. Be2 c5 6. O-O Nc6 7. c3 Qb6 8. dxc5
Bxc5 9. b4 Be7 10. Be3 Qc7 11. b5 Nxe5 12. Nxe5 Bxb1 13. Rxb1 Qxe5 14. Bd4 Qg5
15. f4 Qh6 16. Qa4 Kd8 17. Bxa7 Bc5+ 18. Kh1 Rxa7 19. Qc2 Ne7 20. b6 Ra8 21.
Bd3 Bd6 22. g3 Qh3 23. Qe2 Nf5 24. Rf3 h5 25. Rg1 Qg4 26. Qf1 Bc5 27. h3 Qg6
28. Rg2 Qh6 29. Qb1 h4 30. g4 Ng3+ 31. Kh2 Qf6 32. c4 Bd6 33. cxd5 Bxf4 34.
dxe6 Qxe6 35. Rxf4 Qd6 36. Rgf2 f6 37. Qb2 Ke8 38. Bg6+ Kf8 39. Rxf6+ gxf6 40.
Rxf6+ 1-0

[Event "Europa tch femenino 2005"]
[Site "Gotebörg SWE"]
[Date "2005.08.06"]
[Round "8.10"]
[White "Topel, Zehra"]
[Black "Cedikova, Katerina"]
[Result "1-0"]
[WhiteElo "2081"]
[BlackElo "2262"]
[PlyCount "109"]
[EventDate "2005.07.30"]
[EventType "team"]
[EventRounds "9"]
[EventCountry "SWE"]
[Source "lmi"]
[SourceDate "2005.08.07"]

1. d4 c5 2. d5 e6 3. c4 exd5 4. cxd5 d6 5. Nc3 g6 6. e4 Bg7 7. h3 Ne7 8. Nf3
O-O 9. Bd3 h6 10. Bf4 a6 11. a4 g5 12. Bh2 Ng6 13. O-O Qe7 14. Qd2 Nd7 15. Nd1
Nde5 16. Nxe5 Nxe5 17. Be2 Bd7 18. a5 Rab8 19. Ne3 b5 20. Rae1 Rbe8 21. Kh1 Qd8
22. f4 gxf4 23. Bxf4 Bc8 24. Bh2 Qg5 25. Rd1 Qg6 26. Nf5 Bxf5 27. exf5 Qf6 28.
b3 Re7 29. Qf4 Rfe8 30. Bg3 Qg5 31. Qxg5 hxg5 32. f6 Rd7 33. fxg7 Kxg7 34. Bh5
Ree7 35. Rf5 Kh6 36. Bxe5 dxe5 37. d6 Re6 38. Bxf7 Rexd6 39. Rxd6+ Rxd6 40.
Rxe5 Kg7 41. Bh5 Kh6 42. Bg4 Rd3 43. Rxc5 Rxb3 44. Rc6+ Kg7 45. Rxa6 Ra3 46.
Kh2 b4 47. Rb6 Rxa5 48. Rxb4 Ra3 49. Rb6 Kf7 50. Bh5+ Ke7 51. Rg6 Ra5 52. Kg3
Rc5 53. Kg4 Rc2 54. g3 Rc3 55. Rxg5 1-0

[Event "Europa tch femenino 2005"]
[Site "Gotebörg SWE"]
[Date "2005.08.06"]
[Round "8.10"]
[White "Sikorova, Olga"]
[Black "Cinar Corlulu, Nilufer"]
[Result "1-0"]
[WhiteElo "2232"]
[BlackElo "2038"]
[PlyCount "65"]
[EventDate "2005.07.30"]
[EventType "team"]
[EventRounds "9"]
[EventCountry "SWE"]
[Source "lmi"]
[SourceDate "2005.08.07"]

1. f4 d5 2. b3 Bg4 3. Bb2 Nc6 4. Nf3 Bxf3 5. exf3 Qd6 6. g3 O-O-O 7. d4 h5 8.
Qd2 g5 9. fxg5 e5 10. Na3 exd4 11. O-O-O Bg7 12. Nb5 Qc5 13. Bh3+ Kb8 14. Nxd4
Nxd4 15. Bxd4 Qa3+ 16. Kb1 Bxd4 17. Qxd4 Ne7 18. Rhe1 Nc6 19. Qb2 Qc5 20. f4 h4
21. Bf5 hxg3 22. hxg3 Qf2 23. Qc3 d4 24. Qd3 Rhe8 25. Rxe8 Rxe8 26. Be4 Re6 27.
Qf3 Qe3 28. Qxe3 dxe3 29. Bxc6 bxc6 30. Re1 Kc8 31. Re2 a5 32. c3 a4 33. Kc2
1-0

[Event "Europa tch femenino 2005"]
[Site "Gotebörg SWE"]
[Date "2005.08.06"]
[Round "8.10"]
[White "Bayrak, Asli"]
[Black "Kulovana, Eva"]
[Result "1/2-1/2"]
[WhiteElo "1967"]
[BlackElo "2137"]
[PlyCount "164"]
[EventDate "2005.07.30"]
[EventType "team"]
[EventRounds "9"]
[EventCountry "SWE"]
[Source "lmi"]
[SourceDate "2005.08.07"]

1. e4 c6 2. d4 d5 3. exd5 cxd5 4. c4 Nf6 5. Nc3 Nc6 6. cxd5 Nxd5 7. Qb3 Be6 8.
Nf3 Ndb4 9. d5 Bxd5 10. Nxd5 Qxd5 11. Qxd5 Nxd5 12. a3 e6 13. Bd2 Bd6 14. Rc1
O-O 15. Bb5 Nce7 16. O-O Rfc8 17. Bd3 Rxc1 18. Rxc1 Rc8 19. Re1 Bf4 20. Bxf4
Nxf4 21. Be4 b6 22. Rd1 Nfd5 23. Nd4 g6 24. Nb5 a6 25. Nd4 Rc4 26. Bf3 a5 27.
Be2 Rc5 28. g3 e5 29. Nb3 Rc2 30. Bf3 Nf6 31. Rd6 Rxb2 32. Nd2 Kg7 33. Nc4 Rb1+
34. Rd1 Rxd1+ 35. Bxd1 Nfd5 36. Nxe5 b5 37. Kf1 Kf6 38. Nf3 b4 39. axb4 axb4
40. Bb3 Nc3 41. Ke1 Nc6 42. Kd2 Ne4+ 43. Ke3 Na5 44. Bxf7 Nc3 45. Bg8 Kg7 46.
Be6 b3 47. Bxb3 Nxb3 48. Kd3 Na4 49. Kc4 Nc1 50. Nd4 Nb6+ 51. Kc3 Nd5+ 52. Kc2
Na2 53. Kb3 Nac3 54. Kc4 Kf6 55. f4 Ke7 56. Nf3 h5 57. Ne5 Kf6 58. Nf3 Ke6 59.
Nh4 Kf7 60. Nf3 Kf6 61. Nd4 Ke7 62. Nc6+ Ke6 63. Nd4+ Kf6 64. Nb3 Ke6 65. Nc5+
Kf5 66. Kd4 Kg4 67. Ne6 Kh3 68. Nf8 Kxh2 69. Nxg6 Kxg3 70. f5 Kg4 71. f6 Nxf6
72. Kxc3 Kg5 73. Ne5 Kf5 74. Nf3 Kf4 75. Nh4 Kg4 76. Ng2 Kg3 77. Ne3 Nd5+ 78.
Nxd5 h4 79. Ne3 h3 80. Kd2 h2 81. Nf1+ Kg2 82. Nxh2 Kxh2 1/2-1/2

[Event "Europa tch femenino 2005"]
[Site "Gotebörg SWE"]
[Date "2005.08.06"]
[Round "8.11"]
[White "Richards, Heather"]
[Black "Agrest, Inna"]
[Result "1-0"]
[WhiteElo "2150"]
[BlackElo "1984"]
[PlyCount "37"]
[EventDate "2005.07.30"]
[EventType "team"]
[EventRounds "9"]
[EventCountry "SWE"]
[Source "lmi"]
[SourceDate "2005.08.07"]

1. e4 e5 2. Nc3 Nf6 3. g3 Bc5 4. Bg2 Nc6 5. Nge2 d6 6. Na4 Bb6 7. c3 Bg4 8. f3
Bh5 9. Nxb6 axb6 10. O-O Qd7 11. d4 h6 12. Be3 g5 13. a4 g4 14. f4 exf4 15.
Nxf4 O-O-O 16. a5 bxa5 17. d5 Nb8 18. Rxa5 Qe7 19. Nxh5 1-0

[Event "Europa tch femenino 2005"]
[Site "Gotebörg SWE"]
[Date "2005.08.06"]
[Round "8.11"]
[White "Hansson, Susanne"]
[Black "Lalic, Susan"]
[Result "0-1"]
[WhiteElo "2110"]
[BlackElo "2362"]
[PlyCount "86"]
[EventDate "2005.07.30"]
[EventType "team"]
[EventRounds "9"]
[EventCountry "SWE"]
[Source "lmi"]
[SourceDate "2005.08.07"]

1. e4 c6 2. d4 d5 3. exd5 cxd5 4. c4 Nf6 5. Nc3 Nc6 6. Nf3 Bg4 7. cxd5 Nxd5 8.
Qb3 Bxf3 9. gxf3 Nb6 10. Be3 e6 11. Rd1 Bb4 12. Bd3 Qh4 13. Be4 O-O 14. a3
Bxc3+ 15. Qxc3 Nd5 16. Bxd5 exd5 17. Qc5 Rfe8 18. Rd3 Rad8 19. Kd2 Qh3 20. f4
Qg2 21. Qc1 Na5 22. b3 Rc8 23. Qd1 Rc6 24. Rg1 Qe4 25. Rg5 f6 26. f3 Qe6 27.
Rg2 Qf5 28. Re2 Rec8 29. Ke1 b6 30. Kf2 Nb7 31. Kg2 Nd6 32. a4 Qg6+ 33. Kf1 Nf5
34. Rg2 Nxe3+ 35. Rxe3 Rc1 36. Rxg6 Rxd1+ 37. Ke2 Rxd4 38. Rg4 Rc2+ 39. Ke1 Kf7
40. Rh4 h6 41. h3 Rdd2 42. f5 Rh2 43. Kd1 Ra2 0-1

[Event "Europa tch femenino 2005"]
[Site "Gotebörg SWE"]
[Date "2005.08.06"]
[Round "8.12"]
[White "Muller, Anne"]
[Black "Fridthjofsdottir, Sigurl  Regin"]
[Result "1-0"]
[WhiteElo "2169"]
[BlackElo "1963"]
[PlyCount "95"]
[EventDate "2005.07.30"]
[EventType "team"]
[EventRounds "9"]
[EventCountry "SWE"]
[Source "lmi"]
[SourceDate "2005.08.07"]

1. e4 e6 2. d4 d5 3. Nd2 Nf6 4. e5 Nfd7 5. Bd3 c5 6. c3 Nc6 7. Ne2 cxd4 8. cxd4
Nb6 9. O-O Bd7 10. Nf3 Rc8 11. Nc3 a6 12. Bf4 Nb4 13. Bb1 Nc4 14. Qe2 Be7 15.
a3 Nc6 16. Bd3 Qb6 17. Bxc4 dxc4 18. Rad1 O-O 19. d5 exd5 20. Nxd5 Qd8 21. Be3
Qe8 22. Nb6 Rd8 23. Nxc4 Be6 24. Bb6 Rxd1 25. Rxd1 Bxc4 26. Qxc4 Qc8 27. Qd5
Bd8 28. Bc5 Re8 29. Bd6 h6 30. b4 Bc7 31. h3 Rd8 32. Qb3 Re8 33. a4 Rd8 34. b5
axb5 35. axb5 Na5 36. Qa2 Bb6 37. Qe2 Qf5 38. Nd4 Bxd4 39. Rxd4 Rc8 40. Re4
Rc1+ 41. Kh2 Qc8 42. e6 fxe6 43. Rxe6 Qc2 44. Re8+ Kh7 45. Qe6 Qb1 46. Qg8+ Kg6
47. Re6+ Kh5 48. g4+ 1-0

[Event "Europa tch femenino 2005"]
[Site "Gotebörg SWE"]
[Date "2005.08.06"]
[Round "8.13"]
[White "Nagy, Laura"]
[Black "Jelica, Mara"]
[Result "0-1"]
[WhiteElo "1933"]
[BlackElo "2191"]
[PlyCount "62"]
[EventDate "2005.07.30"]
[EventType "team"]
[EventRounds "9"]
[EventCountry "SWE"]
[Source "lmi"]
[SourceDate "2005.08.07"]

1. e4 c5 2. Nc3 Nc6 3. g3 g6 4. Bg2 Bg7 5. d3 e6 6. Be3 Nd4 7. Qd2 Ne7 8. Nd1
d6 9. c3 Ndc6 10. Bh6 Bxh6 11. Qxh6 Ne5 12. Qd2 Bd7 13. f4 N5c6 14. Nf3 O-O 15.
O-O f5 16. exf5 Nxf5 17. Ne3 Ng7 18. d4 cxd4 19. Nxd4 d5 20. Bh3 Kh8 21. Nb3
Qb6 22. Kh1 Rad8 23. Qe2 a5 24. Nc1 Ne7 25. Rf2 Bb5 26. Qe1 d4 27. cxd4 Rxd4
28. Bg2 Bc6 29. Qc3 Bxg2+ 30. Rxg2 Nd5 31. Nxd5 Rd1+ 0-1

[Event "Europa tch femenino 2005"]
[Site "Gotebörg SWE"]
[Date "2005.08.06"]
[Round "8.13"]
[White "Medic, Mirjana"]
[Black "Kopinits, Anna-Christina"]
[Result "1-0"]
[WhiteElo "2268"]
[BlackElo "2124"]
[PlyCount "57"]
[EventDate "2005.07.30"]
[EventType "team"]
[EventRounds "9"]
[EventCountry "SWE"]
[Source "lmi"]
[SourceDate "2005.08.07"]

1. d4 Nf6 2. c4 c5 3. d5 b5 4. cxb5 a6 5. bxa6 g6 6. Nc3 Bxa6 7. Nf3 d6 8. g3
Bg7 9. Bg2 O-O 10. O-O Nbd7 11. Rb1 Qa5 12. Bd2 Qc7 13. b3 Nb6 14. Bc1 Rad8 15.
Re1 e6 16. dxe6 fxe6 17. Qc2 Nbd5 18. Bd2 Nb4 19. Qc1 Ng4 20. Ne4 Bb7 21. Neg5
Qe7 22. Qc4 Bxf3 23. exf3 Bd4 24. Rxe6 d5 25. Qxd4 Qxe6 26. Nxe6 cxd4 27. Nxf8
Rxf8 28. Bxb4 Rb8 29. fxg4 1-0

[Event "Europa tch femenino 2005"]
[Site "Gotebörg SWE"]
[Date "2005.08.06"]
[Round "8.13"]
[White "Macek, Vlasta"]
[Black "Sommer, Sonja"]
[Result "1-0"]
[WhiteElo "2211"]
[BlackElo "2053"]
[PlyCount "73"]
[EventDate "2005.07.30"]
[EventType "team"]
[EventRounds "9"]
[EventCountry "SWE"]
[Source "lmi"]
[SourceDate "2005.08.07"]

1. c4 e5 2. Nc3 Nc6 3. g3 g6 4. Bg2 Bg7 5. e3 d6 6. Nge2 Nge7 7. d4 exd4 8.
Nxd4 O-O 9. O-O Re8 10. Nce2 Bd7 11. e4 Nxd4 12. Nxd4 Nc6 13. Nc2 Qc8 14. Re1
Bg4 15. f3 Bh3 16. Rb1 a5 17. Be3 Bxg2 18. Kxg2 Qe6 19. b3 Qf6 20. a4 Re6 21.
Bf2 Rae8 22. Ne3 Qd8 23. Nd5 b6 24. Qd2 h6 25. Rbd1 Qc8 26. h3 Qb7 27. g4 Qb8
28. Qf4 g5 29. Qd2 Ne5 30. Bd4 Rg6 31. Ne3 h5 32. Nf5 hxg4 33. hxg4 Qb7 34. Re2
Nxg4 35. Bxg7 Rxg7 36. Nxg7 Kxg7 37. Qxg5+ 1-0

[Event "Europa tch femenino 2005"]
[Site "Gotebörg SWE"]
[Date "2005.08.06"]
[Round "8.13"]
[White "Horvath, Maria"]
[Black "Sargac, Rajna"]
[Result "0-1"]
[WhiteElo "2039"]
[BlackElo "2242"]
[PlyCount "120"]
[EventDate "2005.07.30"]
[EventType "team"]
[EventRounds "9"]
[EventCountry "SWE"]
[Source "lmi"]
[SourceDate "2005.08.07"]

1. d4 e6 2. c4 f5 3. Nf3 Nf6 4. g3 b6 5. Bg2 Bb7 6. O-O a5 7. a3 Be7 8. Nc3 O-O
9. d5 Na6 10. Nd4 Nc5 11. b3 Nfe4 12. Nxe4 fxe4 13. dxe6 dxe6 14. Rb1 Bf6 15.
Be3 Qe7 16. Qc2 Rfd8 17. Nb5 e5 18. Bxc5 Qxc5 19. b4 Qc6 20. Rfe1 Rd7 21. Qb3
Qe6 22. Nc3 Rd4 23. Nb5 Rd7 24. Nc3 Bg5 25. Rbd1 axb4 26. axb4 Rd4 27. e3 Rxd1
28. Rxd1 Rf8 29. Bxe4 Bxe4 30. Nxe4 Be7 31. b5 Qg4 32. Qc2 h5 33. Nc3 Bb4 34.
Nd5 Bd6 35. Rc1 h4 36. Qd1 Qf5 37. Qe2 e4 38. f4 Bc5 39. Qg2 Rd8 40. Re1 h3 41.
Qd2 Qe6 42. Ra1 c6 43. bxc6 Qxc6 44. Rd1 Ra8 45. Qe2 Qe8 46. Qh5 Qe6 47. f5 Qh6
48. Qxh6 gxh6 49. Rd2 Ra1+ 50. Kf2 Rh1 51. Nf6+ Kf7 52. Nxe4 Rxh2+ 53. Kf3 Rxd2
54. Nxd2 Bxe3 55. Ne4 Bd4 56. g4 Be5 57. Nf2 h2 58. Kg2 Ke7 59. Ne4 Bc7 60. Ng3
Bxg3 0-1